Quelle nouvelle politique économique a Cuba?
Obchod krajín bývalej RVHP s Kubou predstavoval 80 perc. Jej rozpad postavil F. Castra pred neriešiteľnú situáciu. Príčiny krízy. Kuba nedostáva ropu a nemá dostatok potravín. Aká bude nová ekonomická politika Kuby? Pokles životnej úrovne obyvateľstva a sociálne napätie. (Le Monde diplomatique 1992,...
Salvato in:
| Autore principale: | |
|---|---|
| Natura: | Capitolo di libro |
| Lingua: | francese |
| Soggetti: | |
| Tags: |
Nessun Tag, puoi essere il primo ad aggiungerne!!
|
MARC
| LEADER | 00000naa a2200000 4500 | ||
|---|---|---|---|
| 001 | r008450 | ||
| 005 | 20220913125207.8 | ||
| 041 | 0 | |a fre | |
| 044 | |a FR | ||
| 245 | 1 | 0 | |a Quelle nouvelle politique économique a Cuba? |c J. Habel |
| 520 | |a Obchod krajín bývalej RVHP s Kubou predstavoval 80 perc. Jej rozpad postavil F. Castra pred neriešiteľnú situáciu. Príčiny krízy. Kuba nedostáva ropu a nemá dostatok potravín. Aká bude nová ekonomická politika Kuby? Pokles životnej úrovne obyvateľstva a sociálne napätie. (Le Monde diplomatique 1992, jan.). | ||
| 610 | 2 | 0 | |a politika hospodárska |
| 610 | 2 | 0 | |a Kuba |
| 610 | 2 | 0 | |a obchod zahraničný |
| 610 | 2 | 0 | |a úroveň životná |
| 610 | 2 | 0 | |a kríza hospodárska |
| 100 | 1 | |a Habel, J. | |